Polish football club logos - Statistics

General Stats
  • This quiz has been taken 102 times
  • The average score is 43 of 100
Answer Stats
Picture Answer % Correct
Arka Gdynia
90%
Cracovia Kraków
83%
Legia Warszawa
83%
Lech Poznań
81%
Górnik Zabrze
77%
Jagiellonia Białystok
77%
Wisła Kraków
73%
ŁKS Łódź
72%
GKS Tychy
71%
Korona Kielce
70%
Lechia Gdańsk
70%
Motor Lublin
70%
Pogoń Szczecin
70%
Ruch Chorzów
70%
Widzew Łódź
70%
GKS Katowice
69%
Raków Częstochowa
69%
Śląsk Wrocław
69%
Stal Mielec
69%
Warta Poznań
69%
Miedź Legnica
68%
Piast Gliwice
68%
Polonia Warszawa
67%
Radomiak Radom
67%
Wisła Płock
67%
Zagłębie Lubin
67%
Puszcza Niepołomice
66%
Zagłębie Sosnowiec
66%
Podbeskidzie Bielsko-Biała
63%
Górnik Łęczna
62%
Kotwica Kołobrzeg
62%
Elana Toruń
60%
GKS Bełchatów
60%
Polonia Bytom
60%
Sandecja Nowy Sącz
60%
Wieczysta Kraków
60%
Zawisza Bydgoszcz
60%
Odra Opole
59%
Chrobry Głogów
58%
Stal Rzeszów
56%
Resovia Rzeszów
54%
GKS Jastrzębie
53%
Pogoń Siedlce
53%
Chojniczanka Chojnice
51%
Avia Świdnik
48%
Stal Stalowa Wola
44%
Olimpia Elbląg
42%
Skra Częstochowa
42%
Hutnik Kraków
41%
Olimpia Grudziądz
40%
KSZO Ostrowiec Świętokrzyski
39%
Pogoń Grodzisk Mazowiecki
39%
Siarka Tarnobrzeg
39%
Stomil Olsztyn
39%
Rekord Bielsko-Biała
38%
ŁKS Łomża
34%
Świt Skolwin
34%
Broń Radom
33%
Flota Świnoujście
32%
Wigry Suwałki
32%
Lechia Zielona Góra
30%
Wisła Puławy
30%
Bałtyk Gdynia
29%
Górnik Polkowice
29%
Gwardia Koszalin
29%
Gryf Słupsk
28%
Unia Skierniewice
28%
MKS Kluczbork
27%
Pelikan Łowicz
27%
Błękitni Stargard
26%
Ruch Radzionków
24%
Wisłoka Dębica
24%
Karkonosze Jelenia Góra
23%
Podhale Nowy Targ
22%
Cartusia Kartuzy
20%
Ślęza Wrocław
20%
Hutnik Warszawa
19%
Świt Nowy Dwór Mazowiecki
19%
Warta Gorzów Wielkopolski
19%
JKS Jarosław
18%
Ząbkovia Ząbki
18%
Czarni Jasło
17%
Polonia Środa Wielkopolska
17%
Unia Tarnów
17%
Legionovia Legionowo
16%
RKS Radomsko
16%
Karpaty Krosno
14%
Jeziorak Iława
12%
Mławianka Mława
12%
Warta Sieradz
12%
Ceramika Opoczno
11%
Hetman Zamość
11%
Star Starachowice
11%
Vineta Wolin
11%
Izolator Boguchwała
10%
Chemik Police
9%
Ostrovia Ostrów Wielkopolski
7%
Podlasie Biała Podlaska
7%
Pomezania Malbork
7%
Ina Goleniów
6%
No matching quizzes found
Score Distribution
Percent of People with Each Score
Percentile by Number Answered
Your Score History
You have not taken this quiz